00673nam a22001817a 4500003000900000008004100009020002200050040007100072082002000143245010700163260004800270300002700318650002400345650001300369650002300382700004600405700004000451AR-CdUCM190424b ||||| |||| 00| 0 spa d a978-9974-690-89-9 aMUNICIPALIDAD PROVINCIAL DEL CUSCOcBIBLIOTECA MUNICIPAL DEL CUSCO aPI / 803 /bL28 aLa bruja de la media noche :b¡una divertida historia con solapas desplegables y sombras chinescas! / aUruguay :bLatinbooks internacional,c2011. bIlustraciones,c27 cm. aLiteratura infantil aLa bruja aCuentos infantiles aBerduque, María Carolina (traducción) aCruz de Sabato, Juan (traducción)